| 000 | 00751nam a2200193 a 4500 | ||
|---|---|---|---|
| 001 | 000042278 | ||
| 005 | 20201002040041.0 | ||
| 008 | 131122s1992 sp r 000 0 spa d | ||
| 020 | _a8472326330 | ||
| 040 |
_aDO-SdBNP _bspa _cBNPHU |
||
| 082 |
_axxxx _bxxxx |
||
| 111 | 2 |
_aColoquio hispano-marroquí de ciencias históricas _n(2º. _d1989 : 6-10 nov. _cGranada) _969317 |
|
| 245 | 1 | 0 | _aActas del II coloquio hispano-marroquí de ciencias históricas, historia, ciencia y sociedad /. |
| 260 |
_aMadrid : _bInstituto de Cooperacion con el Mundo Arabe, _c1992. |
||
| 300 |
_a381, 181 p. ; _c24 cm. |
||
| 504 | _aIncluye referencias bilbiográficas y notas al pie de las páginas | ||
| 546 | _aespañol, arabe, Francés | ||
| 590 | _aInventariado, 2019/BT | ||
| 999 |
_c41767 _d41767 |
||